00487nam a2200181Ia 4500003000900000008004100009020002200050040001600072080001800088100002200106245005100128260002700179300001500206650002400221650001600245650001600261700002800277IN-BaIIA211028s9999 xx 000 0 eng d a978-81-265-1931-6 cIIA Library a681.3.01bPAD aPadmanabhan, T. R 0aDesign through verilog HDLcT. R. Padmanabhan  aNew DelhibWileyc2010 axii, 455p. aEmbeded programming aVerilog HDL aVLSI design aB. Bala Tripura Sundari